000 00910nam a2200229Ii 4500
003 JO-AjNU
008 230605s9999||||xx |||||||||||||| ||und||
017 _a2012/4/1520
020 _a978-9957-19-045-3
040 _aJO-AjNU
_bara
_erda
_cJO-AjNU
041 _aara
050 1 4 _aHC468.N32 2012
100 3 _aمصطفى، محمد سمير... وآخرون؛ مراجعة وتقديم منذر الشرع,
_eauthor
_946224
245 0 0 _aندوة الجذور الاقتصادية والاجتماعية للتحولات الراهنة في البلاد العربية
250 _aط1
264 3 1 _aعمان: مؤسسة عبد الحميد شومان، 2012
300 _a119ص
336 _atext
_btxt
_2rdacontent
337 _aunmediated
_bn
_2rdamedia
338 _avolume
_bnc
_2rdacarrier
650 4 _aالبلاد العربية- احوال اقتصادية - احوال احتماعية
_946225
999 _aA20093
_c23661
_d23661